Normal view
MARC view
Entry Geographic Name
001 - CONTROL NUMBER
- control field: 14790
003 - CONTROL NUMBER IDENTIFIER
- control field: ARRUPE
005 - DATE AND TIME OF LATEST TRANSACTION
- control field: 20150129145754.0
008 - FIXED-LENGTH DATA ELEMENTS
- fixed length control field: 150129|| aca||aabn | a|a d
040 ## - CATALOGING SOURCE
- Original cataloging agency: ARRUPE
- Transcribing agency: ARRUPE
151 ## - HEADING--GEOGRAPHIC NAME
- Geographic name: Zimbabwe
- General subdivision: Social life and customs.
670 ## - SOURCE DATA FOUND
- Source citation: Work cat.: (ARRUPE)0: Chavunduka, G. L. 14788, Traditional medicine in modern Zimbabwe /, University of Zimbabwe Publications